| 000 | 00552nam a2200229Ia 4500 | ||
|---|---|---|---|
| 003 | OSt | ||
| 005 | 20230518143703.0 | ||
| 008 | 210423s2013 xx 000 0 und d | ||
| 020 | _a978-81-7890-236-4 | ||
| 040 | _cAL | ||
| 041 | _aeng | ||
| 082 |
_a547.71 WHIT _223 |
||
| 100 |
_aWHITMORE (G). _9108317 |
||
| 245 | _aTerpenes. | ||
| 260 |
_aNew Delhi _bIVY Publishing House _c2013 |
||
| 300 |
_a74 _bPB |
||
| 365 |
_b230 _cINR |
||
| 650 |
_aChemistry _9108318 |
||
| 650 |
_aOrganic Chemistry _9108319 |
||
| 906 | _aTerpenes. | ||
| 942 |
_2ddc _cBK |
||
| 999 |
_c165112 _d165112 |
||